[Event "Wch Seniors 20th"]
[Site "Arco"]
[Date "2010.10.26"]
[Round "1"]
[White "Rukavina, Josip"]
[Black "Poropat, Marijan"]
[Result "1-0"]
[WhiteElo "2423"]
[BlackElo "2055"]
[PlyCount "138"]
[EventDate "2010.10.26"]
[EventType "swiss"]
[EventRounds "11"]
[EventCountry "ITA"]
[SourceTitle "EXT 2011"]
[Source "ChessBase"]
[SourceDate "2010.11.26"]
[SourceVersion "1"]
[SourceVersionDate "2010.11.26"]
[SourceQuality "1"]

1. d4 d6 2. e4 g6 3. Nf3 Bg7 4. Bc4 Nc6 5. d5 Nb8 6. 0-0 Nf6 7. Re1 0-0 8. Nc3 a6 9. a4 b6 10. h3 Bb7 11. Bf4 c6 12. Qe2 Nbd7 13. dxc6 Bxc6 14. Rad1 Qc8 15. Nd4 Bb7 16. Nd5 Re8 17. Bg5 h6 18. Bh4 e6 19. Nxf6+ Nxf6 20. Bd3 Nh5 21. c3 Nf4 22. Qe3 e5 23. Nc2 d5 24. exd5 Bxd5 25. Bf1 Qb7 26. f3 Bb3 27. Rd2 Bf8 28. Qe4 Bd5 29. Rxd5 Qxd5 30. Bf2 Qxe4 31. fxe4 Reb8 32. g3 Ne6 33. Ne3 Nc5 34. Nd5 Nxa4 35. b3 Nc5 36. b4 Na4 37. Re3 a5 38. Rf3 Rb7 39. Bb5 axb4 40. cxb4 Rbb8 41. Bc6 Ra7 42. Ra3 Rc8 43. Rxa4 Rxa4 44. Bxa4 Rc4 45. Bb5 Rc1+ 46. Bf1 Rb1 47. b5 f5 48. Bxb6 Bd6 49. Be3 Kf7 50. Kf2 Ke6 51. Bc4 Rb2+ 52. Kf3 Rc2 53. Bd3 Rb2 54. Bxh6 Rb3 55. Ke2 fxe4 56. Bc4 Rxg3 57. h4 Bb8 58. b6 Kd6 59. Be3 Rh3 60. Bf2 Ra3 61. Kd2 Rf3 62. Ke2 Ra3 63. Nf6 Ra4 64. Nxe4+ Kc6 65. Bd5+ Kxd5 66. Nc3+ Kc6 67. Nxa4 Bd6 68. Kd3 Be7 69. Ke4 Bd8 1-0

[Event "EU-ch Seniors 09th"]
[Site "Rogaska Slatina"]
[Date "2009.07.27"]
[Round "6"]
[White "Ofstad, Per"]
[Black "Poropat, Marijan"]
[Result "1-0"]
[WhiteElo "2158"]
[BlackElo "2089"]
[PlyCount "67"]
[EventDate "2009.07.22"]
[EventType "swiss"]
[EventRounds "9"]
[EventCountry "SLO"]
[SourceTitle "CBM 131 Extra"]
[Source "ChessBase"]
[SourceDate "2009.09.03"]
[SourceVersion "2"]
[SourceVersionDate "2009.09.16"]
[SourceQuality "1"]

1. e4 g6 2. d4 d6 3. Nc3 Nf6 4. Nf3 Bg7 5. Be2 0-0 6. h3 a6 7. a4 b6 8. Be3 Bb7 9. Nd2 e5 10. d5 c6 11. Nc4 c5 12. 0-0 Ne8 13. Qd2 Nd7 14. Bh6 Ndf6 15. Bxg7 Kxg7 16. Ne3 Nc7 17. f4 b5 18. fxe5 dxe5 19. Ng4 Nxg4 20. hxg4 b4 21. Nd1 Ne8 22. Ne3 Nd6 23. Bd3 Qh4 24. Rf3 h6 25. Raf1 f6 26. b3 Bc8 27. Rh3 Qg5 28. Qf2 Bxg4 29. Nxg4 Qxg4 30. Qxc5 Nxe4 31. Qxb4 f5 32. Qe7+ Rf7 33. Qxe5+ Nf6 34. Bxf5 1-0

[Event "EU-ch Seniors 09th"]
[Site "Rogaska Slatina"]
[Date "2009.07.26"]
[Round "5"]
[White "Zachariassen, John"]
[Black "Poropat, Marijan"]
[Result "0-1"]
[WhiteElo "1968"]
[BlackElo "2089"]
[PlyCount "69"]
[EventDate "2009.07.22"]
[EventType "swiss"]
[EventRounds "9"]
[EventCountry "SLO"]
[SourceTitle "CBM 131 Extra"]
[Source "ChessBase"]
[SourceDate "2009.09.03"]
[SourceVersion "2"]
[SourceVersionDate "2009.09.16"]
[SourceQuality "1"]

1. b3 Nf6 2. Bb2 e6 3. g3 Be7 4. Bg2 d5 5. e3 b6 6. d3 Bb7 7. Ne2 Nbd7 8. Nd2 0-0 9. 0-0 c5 10. h3 Qc7 11. Rb1 Bd6 12. Nc3 a6 13. e4 b5 14. Qe2 d4 15. Nd1 Ne8 16. f4 Be7 17. Nf2 e5 18. f5 Bg5 19. Nf3 Be7 20. g4 Nd6 21. g5 c4 22. Ng4 f6 23. h4 Rac8 24. Rf2 Nc5 25. h5 cxd3 26. cxd3 Nxd3 27. h6 Nf4 28. Qd1 Nxe4 29. hxg7 Kxg7 30. Bxd4 Nxf2 31. Bxf2 Qc2 32. Ne3 Qxd1+ 33. Rxd1 Nxg2 34. Kxg2 fxg5 35. Kg3 0-1

[Event "EU-ch Seniors 09th"]
[Site "Rogaska Slatina"]
[Date "2009.07.24"]
[Round "3"]
[White "Archangelsky, Mikhail"]
[Black "Poropat, Marijan"]
[Result "1-0"]
[WhiteElo "2210"]
[BlackElo "2089"]
[PlyCount "123"]
[EventDate "2009.07.22"]
[EventType "swiss"]
[EventRounds "9"]
[EventCountry "SLO"]
[SourceTitle "CBM 131 Extra"]
[Source "ChessBase"]
[SourceDate "2009.09.03"]
[SourceVersion "2"]
[SourceVersionDate "2009.09.16"]
[SourceQuality "1"]

1. d4 d6 2. e4 Nf6 3. Bd3 e5 4. c3 d5 5. dxe5 Nxe4 6. Qe2 Nc5 7. Nf3 Nxd3+ 8. Qxd3 Be7 9. h4 h6 10. Bf4 Na6 11. Nbd2 Nc5 12. Qe3 Bf5 13. Nd4 Nd3+ 14. Kf1 Bh7 15. N2f3 Nxb2 16. g4 Nc4 17. Qe2 Be4 18. Nf5 Rg8 19. Rg1 Qd7 20. N3d4 0-0-0 21. f3 Bxf5 22. gxf5 Bc5 23. e6 fxe6 24. fxe6 Qe7 25. Rg4 Bxd4 26. cxd4 Rdf8 27. h5 Rf6 28. Rc1 Rxe6 29. Be5 Qa3 30. Rxc4 dxc4 31. Kg2 Qd3 32. Qb2 Rf8 33. f4 Rb6 34. Qf2 c3 35. Rg3 Qe4+ 36. Kh3 Rb2 37. Qf3 Qxf3 38. Rxf3 Rxa2 39. Rxc3 Rf7 40. d5 Ra5 41. d6 c6 42. Rg3 Rd5 43. Rg6 Kd7 44. Kg4 a5 45. Bxg7 Rxd6 46. Bxh6 a4 47. Bg5 a3 48. Rg8 c5 49. Rd8+ Kc7 50. Re8 a2 51. Re1 Ra6 52. Ra1 Ra4 53. h6 b5 54. Kh5 Ra6 55. f5 Rxf5 56. h7 Ra8 57. Kg6 Rf2 58. Bf6 Rg2+ 59. Kf7 Rh2 60. Be5+ Kc6 61. Bxh2 Kd5 62. Rxa2 1-0

[Event "EU-ch Seniors 09th"]
[Site "Rogaska Slatina"]
[Date "2009.07.22"]
[Round "1"]
[White "Novak, Ivan"]
[Black "Poropat, Marijan"]
[Result "1-0"]
[WhiteElo "2242"]
[BlackElo "2089"]
[PlyCount "93"]
[EventDate "2009.07.22"]
[EventType "swiss"]
[EventRounds "9"]
[EventCountry "SLO"]
[SourceTitle "CBM 131 Extra"]
[Source "ChessBase"]
[SourceDate "2009.09.03"]
[SourceVersion "2"]
[SourceVersionDate "2009.09.16"]
[SourceQuality "1"]

1. e4 d6 2. d4 Nf6 3. Nc3 g6 4. Be3 c6 5. Nf3 b5 6. Bd3 Nbd7 7. h3 Qc7 8. 0-0 Bg7 9. e5 dxe5 10. dxe5 Nxe5 11. Nxe5 Qxe5 12. Qf3 0-0 13. Bxb5 cxb5 14. Qxa8 b4 15. Nd1 Bxh3 16. Qf3 Be6 17. Bf4 Qc5 18. c3 Nh5 19. Qe3 Qc6 20. Bh6 Bd5 21. Bxg7 Nxg7 22. f3 h5 23. cxb4 Qb7 24. Nc3 Be6 25. b5 h4 26. Rfd1 Nf5 27. Qf2 Kg7 28. Ne2 Bc4 29. Nd4 Ng3 30. a4 e5 31. Rac1 Bd5 32. Nc6 Bb3 33. Na5 Ne2+ 34. Kf1 Qe7 35. Nxb3 Nxc1 36. Rxc1 Rh8 37. Qc5 Qg5 38. Re1 Rh5 39. Qe3 Qg3 40. Nd2 h3 41. gxh3 Qxh3+ 42. Ke2 Qe6 43. Kd1 Qa2 44. Qa3 Qd5 45. Qc3 Qa2 46. Rxe5 Qxa4+ 47. b3 1-0

[Event "Velden op"]
[Site "Velden"]
[Date "2008.09.18"]
[Round "6"]
[White "Praznik, Anton"]
[Black "Poropat, Marijan"]
[Result "1-0"]
[WhiteElo "2241"]
[BlackElo "2084"]
[PlyCount "79"]
[EventDate "2008.09.13"]
[EventType "swiss"]
[EventRounds "9"]
[EventCountry "AUT"]
[SourceTitle "EXT 2009"]
[Source "ChessBase"]
[SourceDate "2008.11.26"]
[SourceVersion "1"]
[SourceVersionDate "2008.11.26"]
[SourceQuality "1"]

1. e4 d6 2. d4 Nf6 3. Nc3 g6 4. g3 Bg7 5. Bg2 0-0 6. Nge2 e5 7. h3 c6 8. a4 Na6 9. 0-0 Re8 10. Be3 Nb4 11. Qd2 Bd7 12. Rad1 Qe7 13. Rfe1 Rad8 14. g4 Bc8 15. Ng3 Nd7 16. Nce2 a5 17. c3 Na6 18. f4 exf4 19. Bxf4 Nb6 20. b3 c5 21. c4 cxd4 22. Nxd4 Be5 23. Nf3 Nb4 24. Qc1 Nd7 25. Nxe5 dxe5 26. Bg5 f6 27. Be3 Nc5 28. Qc3 b6 29. Bf3 Bb7 30. Kh2 Bc6 31. h4 Nbd3 32. Rf1 f5 33. Bg5 Qb7 34. Bxd8 Rxd8 35. gxf5 gxf5 36. Rg1 Kf8 37. Nxf5 Bxe4 38. Qd2 Qf7 39. Qh6+ Ke8 40. Bh5 1-0

[Event "Velden op"]
[Site "Velden"]
[Date "2008.09.17"]
[Round "5"]
[White "Poropat, Marijan"]
[Black "Muellneritsch, Anton"]
[Result "1-0"]
[WhiteElo "2084"]
[BlackElo "2185"]
[PlyCount "103"]
[EventDate "2008.09.13"]
[EventType "swiss"]
[EventRounds "9"]
[EventCountry "AUT"]
[SourceTitle "EXT 2009"]
[Source "ChessBase"]
[SourceDate "2008.11.26"]
[SourceVersion "1"]
[SourceVersionDate "2008.11.26"]
[SourceQuality "1"]

1. c4 e5 2. g3 Nc6 3. Bg2 d6 4. Nc3 g6 5. d3 Bg7 6. e4 f5 7. Nge2 Nf6 8. 0-0 0-0 9. h3 fxe4 10. dxe4 Be6 11. Nd5 Qd7 12. Kh2 Nd4 13. f4 Rae8 14. Nxd4 exd4 15. Qd3 c6 16. Nxf6+ Bxf6 17. f5 Bf7 18. Bh6 Bg7 19. Bxg7 Kxg7 20. Qxd4+ Re5 21. Rad1 Rd8 22. b3 c5 23. Qd3 Kg8 24. Rd2 Qe7 25. h4 gxf5 26. Rxf5 Re6 27. h5 Rh6 28. Bf3 Be6 29. Rf4 Bf7 30. Qe2 Qe8 31. Rf5 Be6 32. Rg5+ Kf8 33. e5 Qe7 34. Qe3 Bf7 35. Bg4 Rf6 36. Rf5 Rxf5 37. Bxf5 Kg7 38. h6+ Kg8 39. Qe4 dxe5 40. Bxh7+ Kf8 41. Rf2 Rd6 42. Kg2 Rf6 43. Bf5 Be8 44. h7 Qg7 45. Qxe5 Bc6+ 46. Kg1 Qh6 47. Qxf6+ Qxf6 48. Be4 Qxf2+ 49. Kxf2 Kg7 50. Bxc6 bxc6 51. Ke3 Kxh7 52. Ke4 1-0

[Event "Bled op Seniors 25th"]
[Site "Bled"]
[Date "2008.02.25"]
[Round "4"]
[White "Poropat, Marijan"]
[Black "Grcar, Janez"]
[Result "1-0"]
[WhiteElo "2126"]
[BlackElo "1636"]
[PlyCount "117"]
[EventDate "2008.02.23"]
[EventType "swiss"]
[EventRounds "9"]
[EventCountry "SLO"]
[SourceTitle "CBM 122 Extra"]
[Source "ChessBase"]
[SourceDate "2008.03.04"]
[SourceVersion "1"]
[SourceVersionDate "2008.03.04"]
[SourceQuality "1"]

1. c4 c5 2. g3 Nc6 3. Bg2 e6 4. Nc3 Be7 5. d3 Nf6 6. e4 d6 7. Nge2 Bd7 8. 0-0 a6 9. a3 h5 10. Be3 Rb8 11. d4 cxd4 12. Nxd4 e5 13. Nb3 Qc8 14. h4 Ng4 15. Nd5 Be6 16. Bb6 Nf6 17. Qd2 Bh3 18. Nxe7 Kxe7 19. c5 Bxg2 20. cxd6+ Kf8 21. Kxg2 Nxe4 22. Qd3 Qg4 23. f4 Nf6 24. fxe5 Nxe5 25. Qc3 Qe4+ 26. Kg1 Nd5 27. Qc5 Nd7 28. Qf2 f6 29. Nc5 Qe8 30. Rfe1 Qc8 31. Ne6+ Kg8 32. Bc7 Ra8 33. Qf5 Ne5 34. Rxe5 fxe5 35. Qxe5 Nf6 36. Rf1 Rh6 37. Rf4 Qd7 38. Nc5 Qh3 39. Ne4 Nxe4 40. Rxe4 Rf8 41. Re1 Rf5 42. Qe8+ Kh7 43. d7 Rf3 44. Qe4+ Rf5 45. d8Q Rg6 46. Qg2 Qg4 47. Re4 Qf3 48. Qxf3 Rxf3 49. Re8 Rc6 50. Rh8+ Kg6 51. Qe8+ Rf7 52. Qe4+ Rf5 53. Rxh5 Rc1+ 54. Kg2 Rcc5 55. Rxf5 Rxf5 56. g4 Kh6 57. Qxf5 g6 58. Qf6 b5 59. Qh8# 1-0

[Event "Bled op Seniors 25th"]
[Site "Bled"]
[Date "2008.02.24"]
[Round "3"]
[White "Srebrnic, Vojko"]
[Black "Poropat, Marijan"]
[Result "1-0"]
[WhiteElo "2218"]
[BlackElo "2126"]
[PlyCount "145"]
[EventDate "2008.02.23"]
[EventType "swiss"]
[EventRounds "9"]
[EventCountry "SLO"]
[SourceTitle "CBM 122 Extra"]
[Source "ChessBase"]
[SourceDate "2008.03.04"]
[SourceVersion "1"]
[SourceVersionDate "2008.03.04"]
[SourceQuality "1"]

1. c4 d6 2. g3 e5 3. Bg2 f5 4. Nc3 Nf6 5. d3 Be7 6. e3 c6 7. Nge2 0-0 8. 0-0 Be6 9. b3 Nbd7 10. Bb2 Qe8 11. f4 Qh5 12. Qd2 Rab8 13. Nd1 Rfc8 14. Nf2 b5 15. cxb5 cxb5 16. Rfc1 Bd5 17. Rxc8+ Rxc8 18. Rc1 Rxc1+ 19. Nxc1 Bxg2 20. Kxg2 Qe8 21. Qc2 Nd5 22. Nd1 Qa8 23. Kg1 Bd8 24. Qg2 b4 25. Qc2 Bb6 26. d4 exf4 27. exf4 N7f6 28. Qxf5 Qe8 29. Kf1 g6 30. Qd3 Ng4 31. h3 Ngf6 32. Ne2 Ne4 33. Nf2 Nef6 34. Bc1 Kg7 35. Bd2 Qe6 36. Kg2 a5 37. Ng1 Ne7 38. Ne2 d5 39. Ng1 Nf5 40. Nf3 Ne4 41. g4 Nfd6 42. Ne5 Nxf2 43. Kxf2 g5 44. Kg2 gxf4 45. Bxf4 Qf6 46. Bg3 Ne4 47. Qe3 Kg8 48. Nf3 Qc6 49. h4 Qc2+ 50. Kh3 Qxa2 51. Qf4 Nf2+ 52. Bxf2 Qxf2 53. Qb8+ Kg7 54. Qe5+ Kf8 55. Qxd5 a4 56. bxa4 Qe3 57. Qf5+ Ke8 58. Qe5+ Qxe5 59. dxe5 Be3 60. Ne1 b3 61. Nd3 Bd4 62. a5 b2 63. Nxb2 Bxb2 64. a6 Bd4 65. g5 Kf7 66. h5 Ke6 67. g6 h6 68. Kg4 Ba7 69. Kf4 Bb8 70. Ke4 Ba7 71. Kd3 Bb8 72. Kc4 Ba7 73. Kb5 1-0

[Event "Rijeka op"]
[Site "Rijeka"]
[Date "2007.12.01"]
[Round "8"]
[White "Poropat, Marijan"]
[Black "Ruzic, Sanjin"]
[Result "0-1"]
[WhiteElo "2120"]
[BlackElo "1917"]
[PlyCount "64"]
[EventDate "2007.11.25"]
[EventType "swiss"]
[EventRounds "9"]
[EventCountry "CRO"]
[SourceTitle "CBM 121 Extra"]
[Source "ChessBase"]
[SourceDate "2008.01.10"]
[SourceVersion "1"]
[SourceVersionDate "2008.01.10"]
[SourceQuality "1"]

1. c4 Nf6 2. g3 g6 3. Bg2 Bg7 4. Nc3 d6 5. d3 0-0 6. Bg5 c5 7. Qd2 Re8 8. Bh6 Bh8 9. h3 Nc6 10. e3 e6 11. Bg5 Qd7 12. Nge2 Bg7 13. e4 b6 14. 0-0 Bb7 15. Rad1 Rec8 16. h4 Ne8 17. Bh3 Nc7 18. Nd5 Nxd5 19. cxd5 Nd4 20. Nxd4 Bxd4 21. Be3 Bg7 22. h5 Qe8 23. hxg6 hxg6 24. Bh6 Rc7 25. b3 exd5 26. Bxg7 Kxg7 27. exd5 Bxd5 28. Rfe1 Re7 29. Rxe7 Qxe7 30. Re1 Qf6 31. Bg4 Be6 32. Bf3 Qxf3 0-1

[Event "Rijeka op"]
[Site "Rijeka"]
[Date "2007.11.28"]
[Round "5"]
[White "Poropat, Marijan"]
[Black "Vukelic, Zvonimir"]
[Result "0-1"]
[WhiteElo "2120"]
[BlackElo "2010"]
[PlyCount "96"]
[EventDate "2007.11.25"]
[EventType "swiss"]
[EventRounds "9"]
[EventCountry "CRO"]
[SourceTitle "CBM 121 Extra"]
[Source "ChessBase"]
[SourceDate "2008.01.10"]
[SourceVersion "1"]
[SourceVersionDate "2008.01.10"]
[SourceQuality "1"]

1. c4 c6 2. g3 d5 3. Bg2 e6 4. Nf3 Nf6 5. d4 dxc4 6. Qc2 Bb4+ 7. Bd2 Bxd2+ 8. Nbxd2 Nbd7 9. Nxc4 Nb6 10. Nce5 0-0 11. 0-0 h6 12. Rfd1 Qe7 13. Rac1 Nbd5 14. a3 Rd8 15. e3 Ne8 16. Nd3 Nb6 17. e4 Nc7 18. a4 a5 19. Qb3 Nd7 20. h3 Nf6 21. Re1 Na6 22. Rc4 Rb8 23. Nfe5 Nd7 24. Nxd7 Qxd7 25. e5 Qe7 26. Qc3 Nc7 27. Qxa5 Nd5 28. Qd2 Bd7 29. Rec1 Be8 30. a5 Ra8 31. b4 Nc7 32. Nc5 Nb5 33. Qe3 Qc7 34. g4 b6 35. axb6 Qxb6 36. h4 Na3 37. g5 Nxc4 38. Rxc4 hxg5 39. hxg5 Qb5 40. Bf1 Ra1 41. Qd3 Rda8 42. Kg2 R8a3 43. Qc2 Qb8 44. Ne4 Qd8 45. Nf6+ gxf6 46. gxf6 Qd5+ 47. Kg1 Qf3 48. d5 Rxf1+ 0-1

[Event "Rijeka op"]
[Site "Rijeka"]
[Date "2007.11.26"]
[Round "2"]
[White "Poropat, Marijan"]
[Black "Grooten, Herman"]
[Result "0-1"]
[WhiteElo "2120"]
[BlackElo "2350"]
[PlyCount "47"]
[EventDate "2007.11.25"]
[EventType "swiss"]
[EventRounds "9"]
[EventCountry "CRO"]
[SourceTitle "CBM 121 Extra"]
[Source "ChessBase"]
[SourceDate "2008.01.10"]
[SourceVersion "1"]
[SourceVersionDate "2008.01.10"]
[SourceQuality "1"]

1. c4 c5 2. g3 g6 3. Bg2 Bg7 4. Nc3 Nc6 5. a3 d6 6. Rb1 e6 7. d3 Nge7 8. Bg5 h6 9. Be3 b6 10. Qc1 d5 11. Bd2 d4 12. Na4 a5 13. h4 Bd7 14. Nf3 e5 15. h5 g5 16. Bxg5 hxg5 17. Qxg5 Rg8 18. h6 Bh8 19. Qh4 Qc7 20. Ng5 Rb8 21. Qh5 Nd8 22. b3 Bc6 23. f3 Qd6 24. Qh3 0-1

[Event "Omis op"]
[Site "Omis"]
[Date "2006.10.07"]
[Round "6"]
[White "Brkic, Mustafa"]
[Black "Poropat, Marijan"]
[Result "1-0"]
[WhiteElo "2020"]
[BlackElo "2123"]
[PlyCount "73"]
[EventDate "2006.10.04"]
[EventType "swiss"]
[EventRounds "7"]
[EventCountry "CRO"]
[SourceTitle "CBM 114 Extra"]
[Source "ChessBase"]
[SourceDate "2006.11.03"]
[SourceVersion "1"]
[SourceVersionDate "2006.11.03"]
[SourceQuality "1"]

1. b3 Nf6 2. Bb2 e6 3. Nf3 Be7 4. c4 b6 5. g3 Bb7 6. Bg2 0-0 7. 0-0 d6 8. Nc3 Nbd7 9. d4 Ne4 10. Qc2 f5 11. Rad1 Nxc3 12. Qxc3 Be4 13. Ne1 Nf6 14. f3 Bb7 15. Nd3 Qe8 16. Nf4 Qf7 17. Rde1 g5 18. Nh3 Qg6 19. Nxg5 Qxg5 20. f4 Qh6 21. Bxb7 Ng4 22. h4 Bxh4 23. Kg2 Bf6 24. Rh1 Qg7 25. Bxa8 Rxa8 26. Qf3 Rf8 27. e4 fxe4 28. Rxe4 c5 29. f5 exf5 30. Qxf5 Nh6 31. Qe6+ Kh8 32. dxc5 dxc5 33. Reh4 Ng8 34. Qe4 h6 35. Rg4 Qd7 36. Rf1 Re8 37. Rxf6 1-0

[Event "Omis op"]
[Site "Omis"]
[Date "2006.10.06"]
[Round "4"]
[White "Zelic, Mladen"]
[Black "Poropat, Marijan"]
[Result "1-0"]
[WhiteElo "2279"]
[BlackElo "2123"]
[PlyCount "107"]
[EventDate "2006.10.04"]
[EventType "swiss"]
[EventRounds "7"]
[EventCountry "CRO"]
[SourceTitle "CBM 114 Extra"]
[Source "ChessBase"]
[SourceDate "2006.11.03"]
[SourceVersion "1"]
[SourceVersionDate "2006.11.03"]
[SourceQuality "1"]

1. e4 d6 2. d4 Nf6 3. Nc3 g6 4. f4 Bg7 5. Nf3 c5 6. Bb5+ Bd7 7. e5 Ng4 8. e6 fxe6 9. Ng5 Bxb5 10. Nxe6 Bxd4 11. Qxg4 Bd7 12. f5 Bxe6 13. fxe6 d5 14. Bh6 Nc6 15. Qf4 Qd6 16. Qxd6 Bxc3+ 17. bxc3 exd6 18. 0-0-0 Ne7 19. Rhf1 Nf5 20. Bf4 0-0 21. g4 Ng7 22. e7 Rf6 23. Bg3 Re6 24. Rde1 Rxe1+ 25. Rxe1 Kf7 26. Bxd6 b6 27. a4 Ne8 28. Bf4 a6 29. h4 Ra7 30. Bg5 h6 31. Bxh6 Rxe7 32. Rf1+ Ke6 33. Bg5 Rf7 34. Re1+ Kd7 35. Re5 Nc7 36. Be3 Kd6 37. Rg5 Rf6 38. h5 gxh5 39. gxh5 Rf3 40. Kd2 Ne6 41. Rg6 Ke5 42. Ke2 Rh3 43. h6 d4 44. cxd4+ cxd4 45. Bd2 Kf5 46. Rg8 Nc5 47. a5 bxa5 48. Rg5+ Ke4 49. Rxc5 Rh2+ 50. Kd1 Rh1+ 51. Be1 Rxh6 52. Rxa5 Rb6 53. Kd2 Rb1 54. Rxa6 1-0

[Event "Omis op"]
[Site "Omis"]
[Date "2006.10.05"]
[Round "2"]
[White "Saric, Branko"]
[Black "Poropat, Marijan"]
[Result "0-1"]
[WhiteElo "1930"]
[BlackElo "2123"]
[PlyCount "101"]
[EventDate "2006.10.04"]
[EventType "swiss"]
[EventRounds "7"]
[EventCountry "CRO"]
[SourceTitle "CBM 114 Extra"]
[Source "ChessBase"]
[SourceDate "2006.11.03"]
[SourceVersion "1"]
[SourceVersionDate "2006.11.03"]
[SourceQuality "1"]

1. d4 d6 2. c4 e5 3. dxe5 dxe5 4. Qxd8+ Kxd8 5. Nc3 Be6 6. e4 Bc5 7. Bg5+ f6 8. Bh4 Nc6 9. Nf3 a5 10. 0-0-0+ Kc8 11. h3 h5 12. Bg3 Nh6 13. Nd5 a4 14. Be2 Nf7 15. Rhf1 Na5 16. Nd2 Bd4 17. Nf3 Ba7 18. Nd2 Nc6 19. f4 a3 20. Nb3 axb2+ 21. Kxb2 Nd4 22. Bd3 Nxb3 23. Kxb3 Bd4 24. a4 Bd7 25. Nc3 Bxc3 26. Kxc3 exf4 27. Bxf4 Re8 28. Bc2 Bc6 29. Rfe1 b6 30. Kb4 Ra5 31. Rd2 Ne5 32. Be3 Bd7 33. Red1 Be6 34. Bb3 Bd7 35. Bf4 Bc6 36. Bc2 Rc5 37. Rd4 Bb7 38. Bxe5 Rcxe5 39. Rd7 Rg5 40. e5 Bc6 41. Rf7 Rexe5 42. Rf8+ Kb7 43. Rdd8 Bxg2 44. Ra8 Rg3 45. Rfb8+ Kc6 46. h4 Re2 47. a5 Rxc2 48. axb6 Rb2+ 49. Ka4 Ra2+ 50. Kb4 Rxa8 51. Rxa8 0-1

[Event "Omis op"]
[Site "Omis"]
[Date "2006.10.04"]
[Round "1"]
[White "Poropat, Marijan"]
[Black "Zelcic, Robert"]
[Result "0-1"]
[WhiteElo "2123"]
[BlackElo "2556"]
[PlyCount "46"]
[EventDate "2006.10.04"]
[EventType "swiss"]
[EventRounds "7"]
[EventCountry "CRO"]
[SourceTitle "CBM 114 Extra"]
[Source "ChessBase"]
[SourceDate "2006.11.03"]
[SourceVersion "1"]
[SourceVersionDate "2006.11.03"]
[SourceQuality "1"]

1. c4 e5 2. g3 Nf6 3. Bg2 c6 4. d4 Bb4+ 5. Nc3 Qa5 6. Qd3 exd4 7. Qxd4 0-0 8. Bd2 d5 9. a3 c5 10. Qf4 d4 11. Nb5 Bxd2+ 12. Qxd2 Qd8 13. Qf4 Ne8 14. Rd1 Qb6 15. b4 a6 16. Nxd4 cxd4 17. Nf3 a5 18. c5 Qf6 19. b5 Nd7 20. Rc1 Qe7 21. Qxd4 Nc7 22. a4 Re8 23. 0-0 Ne6 0-1

[Event "CRO-chT2 West"]
[Site "Rijeka"]
[Date "2005.03.19"]
[Round "1"]
[White "Novak, Danijel"]
[Black "Poropat, Marijan"]
[Result "1-0"]
[WhiteElo "2349"]
[BlackElo "2115"]
[PlyCount "57"]
[EventDate "2005.03.19"]
[EventType "team"]
[EventRounds "11"]
[EventCountry "CRO"]
[SourceTitle "EXT 2007"]
[Source "ChessBase"]
[SourceDate "2006.11.23"]
[SourceVersion "1"]
[SourceVersionDate "2006.11.23"]
[SourceQuality "1"]

1. e4 d6 2. d4 Nf6 3. Nc3 g6 4. Nf3 Bg7 5. h3 a6 6. a4 0-0 7. Be3 b6 8. Bc4 Bb7 9. e5 Ne4 10. Nxe4 Bxe4 11. Ng5 d5 12. Bb3 Bf5 13. g4 Bc8 14. Qf3 c6 15. h4 f6 16. exf6 Bxf6 17. Qg3 Qe8 18. f4 e6 19. h5 Ra7 20. c3 Rg7 21. hxg6 hxg6 22. Qh2 Bxg5 23. fxg5 e5 24. Qh8+ Kf7 25. Rf1+ Bf5 26. Qh3 exd4 27. cxd4 Qe4 28. gxf5 Kg8 29. 0-0-0 1-0

[Event "Calvia U2300 opB"]
[Site "Mallorca"]
[Date "2004.10.28"]
[Round "8"]
[White "Poropat, Marijan"]
[Black "Valls Casas, Jordi"]
[Result "1/2-1/2"]
[WhiteElo "2126"]
[BlackElo "2041"]
[PlyCount "84"]
[EventDate "2004.10.22"]
[EventType "swiss"]
[EventRounds "9"]
[EventCountry "ESP"]
[SourceTitle "EXT 2005"]
[Source "ChessBase"]
[SourceDate "2004.11.15"]
[SourceVersion "1"]
[SourceVersionDate "2004.11.15"]
[SourceQuality "1"]

1. c4 c6 2. Nf3 d5 3. d4 Nf6 4. e3 Bg4 5. cxd5 cxd5 6. Qb3 Qc8 7. Nc3 Bxf3 8. gxf3 e6 9. Bd2 Nc6 10. Rc1 Be7 11. Bb5 0-0 12. Na4 Qd7 13. 0-0 Rfc8 14. Rc2 Bd6 15. Rfc1 e5 16. dxe5 Bxe5 17. Bc3 Qh3 18. Bxe5 Nxe5 19. Rxc8+ Rxc8 20. Rxc8+ Qxc8 21. Be2 b6 22. Nc3 Qd8 23. Nb5 Nc6 24. Qc3 Qd7 25. Kg2 h6 26. Bd1 Ne7 27. Nd4 Ng6 28. Qd3 Nh7 29. f4 Nf6 30. h3 Nh4+ 31. Kh2 Ne4 32. Qc2 g5 33. fxg5 hxg5 34. Qc6 Qxc6 35. Nxc6 Nxf2 36. Bb3 Nd3 37. Bxd5 Nxb2 38. Nxa7 Kg7 39. Nc8 Na4 40. Bc6 Nc3 41. a4 Nf5 42. Nxb6 Nxe3 1/2-1/2

[Event "Bratto op 24th"]
[Site "Bratto"]
[Date "2004.08.28"]
[Round "9"]
[White "Poropat, Marijan"]
[Black "Podini, Francesco"]
[Result "1-0"]
[WhiteElo "2126"]
[BlackElo "2074"]
[PlyCount "63"]
[EventDate "2004.08.20"]
[EventType "swiss"]
[EventRounds "9"]
[EventCountry "ITA"]
[SourceTitle "CBM 101 Extra"]
[Source "ChessBase"]
[SourceDate "2004.09.01"]
[SourceVersion "2"]
[SourceVersionDate "2004.09.01"]
[SourceQuality "1"]

1. Nf3 e6 2. c4 f5 3. b3 Nf6 4. Bb2 c6 5. g3 d5 6. Bg2 Bd6 7. 0-0 Qe7 8. d4 b6 9. Nbd2 Bb7 10. Ne5 0-0 11. Rc1 a5 12. f3 c5 13. e3 Na6 14. Re1 Nd7 15. e4 Bxe5 16. dxe5 fxe4 17. cxd5 exd5 18. fxe4 d4 19. Nc4 Nb4 20. Ba3 Nxa2 21. Ra1 Nb4 22. Bxb4 axb4 23. Rxa8 Rxa8 24. Bh3 Nxe5 25. Nxb6 Rd8 26. Bg2 Qg5 27. Nd5 Ng4 28. h4 Qh5 29. Bf3 Qe5 30. Bxg4 Qxg3+ 31. Kh1 Rxd5 32. Be6+ 1-0

[Event "Bratto op 24th"]
[Site "Bratto"]
[Date "2004.08.20"]
[Round "1"]
[White "Poropat, Marijan"]
[Black "Zimina, Olga"]
[Result "0-1"]
[WhiteElo "2126"]
[BlackElo "2430"]
[PlyCount "58"]
[EventDate "2004.08.20"]
[EventType "swiss"]
[EventRounds "9"]
[EventCountry "ITA"]
[SourceTitle "CBM 101 Extra"]
[Source "ChessBase"]
[SourceDate "2004.09.01"]
[SourceVersion "2"]
[SourceVersionDate "2004.09.01"]
[SourceQuality "1"]

1. Nf3 d5 2. d4 c6 3. c4 e6 4. e3 Nf6 5. Bd3 Nbd7 6. 0-0 dxc4 7. Bxc4 b5 8. Bd3 a6 9. a4 Bb7 10. Nbd2 Qb6 11. Qe2 Be7 12. b3 Nd5 13. Bb2 0-0 14. Rfc1 Nb4 15. Bb1 c5 16. dxc5 Nxc5 17. Bd4 Nc6 18. a5 Qa7 19. Bb2 Rac8 20. h4 Rfd8 21. Nd4 Qb8 22. h5 Nxd4 23. exd4 Qf4 24. b4 Na4 25. g3 Qh6 26. Rxc8 Rxc8 27. Rxa4 bxa4 28. b5 a3 29. bxa6 Bd5 0-1